Breve historia política del mundo clásico: la Democracia ateniense y la República romana
সংরক্ষণ করুন:
| প্রধান লেখক: | |
|---|---|
| অন্যান্য লেখক: | |
| বিন্যাস: | অজ্ঞাত |
| ভাষা: | ইংরেজি |
| প্রকাশিত: |
Madrid, España.
Guillermo Escolar Editor,
2020
|
| সংস্করন: | 2a. edición, corregida y aumentada |
| বিষয়গুলি: | |
| ট্যাগগুলো: |
ট্যাগ যুক্ত করুন
কোনো ট্যাগ নেই, প্রথমজন হিসাবে ট্যাগ করুন!
|
MARC
| LEADER | 00000 a2200000 4500 | ||
|---|---|---|---|
| 003 | CL-VaPUC | ||
| 005 | 20211122154913.0 | ||
| 008 | 211026b2020 ||||| |||| 00| 0 eng d | ||
| 999 | |c 433768 |d 433766 | ||
| 020 | |a 978-84-16020-97-3 | ||
| 040 | |c Pontificia Universidad Católica de Valparaíso | ||
| 082 | |a 930 BAR 2020 | ||
| 100 | 1 | |a Barceló, Pedro |9 863782 | |
| 245 | |a Breve historia política del mundo clásico: |b la Democracia ateniense y la República romana | ||
| 250 | |a 2a. edición, corregida y aumentada | ||
| 260 | |a Madrid, España. |b Guillermo Escolar Editor, |c 2020 | ||
| 300 | |a 287 páginas | ||
| 583 | |k Cristina María Rojas Aguilar |c 20211026 | ||
| 650 | 0 | |a República romana |x Historia política |9 433651 | |
| 650 | 0 | |a Democracia ateniense |x Historia política |9 863923 | |
| 700 | |a Hernández de la Fuente, David |9 861162 | ||
| 942 | |2 ddc |c BK | ||
| 952 | |0 0 |1 0 |2 ddc |4 0 |6 930_000000000000000_BAR_2020 |7 0 |8 A |9 579050 |a BIBHIS |b BIBHIS |d 2021-10-26 |e 52 |g 14120.61 |i 5589622 |o 930 BAR 2020 |p 5589622 |r 2023-01-25 |t 1 |v 14120.61 |w 2021-10-26 |y BK |k HIS | ||